Mosaicing of orthorectified Images Taken By An Unmanned Aerial Vehicle (UAV) / (Record no. 188231)
[ view plain ]
| 000 -LEADER | |
|---|---|
| fixed length control field | 00917 a2200193 4500 |
| 003 - CONTROL NUMBER IDENTIFIER | |
| control field | NUST |
| 005 - DATE AND TIME OF LATEST TRANSACTION | |
| control field | 20251120134349.0 |
| 040 ## - CATALOGING SOURCE | |
| Transcribing agency | Nust |
| 082 ## - DEWEY DECIMAL CLASSIFICATION NUMBER | |
| Classification number | 621.382,KHA |
| 100 ## - MAIN ENTRY--PERSONAL NAME | |
| Personal name | Kharal, NC Mohid Ahmed (TCC-17B) |
| 9 (RLIN) | 131970 |
| 245 ## - TITLE STATEMENT | |
| Title | Mosaicing of orthorectified Images Taken By An Unmanned Aerial Vehicle (UAV) / |
| Statement of responsibility, etc. | NC Mohid Ahmed Kharal, NC Umar Aftab Anwar, NC Umair Gill and Capt Anwar ul Haq |
| 260 ## - PUBLICATION, DISTRIBUTION, ETC. | |
| Place of publication, distribution, etc. | Rawalpindi |
| Name of publisher, distributor, etc. | MCS (NUST) |
| Date of publication, distribution, etc. | August ,2009 |
| 300 ## - PHYSICAL DESCRIPTION | |
| Extent | 112 p.; |
| 505 ## - FORMATTED CONTENTS NOTE | |
| Formatted contents note | Introduction (Page-1), Common Points Matching (Page-12), Homography Computation (Page-22), Normalization (Page-29), Image Stitching (Page-35), Orthorectification of Images (Page-43), Automatic Matching (Page-52), Results (Page-62), Future Work and Conclusion (Page-74), References (Page-76). |
| 650 ## - SUBJECT ADDED ENTRY--TOPICAL TERM | |
| Topical term or geographic name entry element | UG Projects |
| 9 (RLIN) | 98716 |
| 651 ## - SUBJECT ADDED ENTRY--GEOGRAPHIC NAME | |
| Geographic name | TCC-17A |
| 9 (RLIN) | 131971 |
| 700 ## - ADDED ENTRY--PERSONAL NAME | |
| Personal name | Maj Dr. Naveed Iqbal Rao |
| 9 (RLIN) | 131972 |
| 942 ## - ADDED ENTRY ELEMENTS (KOHA) | |
| Koha item type | Project Report |
| Source of classification or shelving scheme | |
| Withdrawn status | Lost status | Source of classification or shelving scheme | Damaged status | Not for loan | Permanent Location | Current Location | Shelving location | Date acquired | Full call number | Barcode | Date last seen | Price effective from | Koha item type | Public note |
|---|---|---|---|---|---|---|---|---|---|---|---|---|---|---|
| Military College of Signals (MCS) | Military College of Signals (MCS) | Reference | 12/12/2016 | 621.382,KHA | MCSPTC-102 | 12/08/2016 | 12/12/2016 | Project Report | Almirah No. 94, Shelf No. 2 |
